| 000 | 00645nam a22001937a 4500 | ||
|---|---|---|---|
| 003 | OSt | ||
| 005 | 20221103203841.0 | ||
| 008 | 150522b xxu||||| |||| 00| 0 eng d | ||
| 020 | _a85-99501-03-8 | ||
| 040 | _cBiblioteca Lado V | ||
| 082 |
_a704 _bA474h |
||
| 100 |
_9326 _aAlves, Jose Francisco _ecurador |
||
| 245 |
_aAmilcar de Castro/ _bUma Retrospectiva/ |
||
| 260 |
_c2005 _aBrasil _bFundacion Bienal de Artes Visuais do Mercosul |
||
| 300 |
_a161p. _c18x24cm |
||
| 650 |
_2Tesauro de Arte & Arquitectura _aHISTORIA |
||
| 650 |
_2Tesauro de Arte & Arquitectura _aARTE CONTEMPORANEO |
||
| 942 |
_2ddc _c1 _h704 _iA474h _n0 |
||
| 999 |
_c2515 _d2515 |
||